000 00512nam a2200193Ia 4500
008 230125s9999 xx 000 0 und d
020 _a978-0-19-806621-7
041 _aeng
082 _a658.45
_bMIT
100 _aMitra B K
_9106382
245 _aPersonality Development and Soft Skills
260 _c2013
_bOxford university press
_aNew Delhi
300 _a258p
500 _aPersonality
650 _aPersonality Development
700 _aMitra B K
_9106382
906 _b74
999 _c94187
_d94187